Guess the Noah Kahan Song (3) - Statistics

General Stats
  • This quiz has been taken 272 times
  • The average score is 137 of 294
Answer Stats
Answer % Correct
I
98%
i
98%
a
96%
you
92%
the
84%
me
81%
your
74%
no
73%
and
72%
it
72%
we
72%
to
70%
do
67%
in
66%
my
64%
is
58%
of
57%
so
57%
for
56%
all
55%
that
55%
Oh
52%
this
51%
but
49%
on
49%
were
49%
or
46%
could
45%
don't
44%
if
44%
now
44%
like
43%
new
43%
their
42%
down
40%
get
40%
they're
40%
perspective
39%
back
37%
kids
37%
drunk
36%
got
36%
I'd
35%
just
34%
make
34%
target
34%
Target
34%
callin'
33%
road
32%
paper
31%
two
31%
wish
31%
attention
30%
bags
30%
downtown
30%
feel
30%
gym
30%
intersection
30%
Ooh
30%
can't
29%
closet
29%
clothes
29%
dirt
29%
hard
29%
wind
29%
big
28%
deficit
28%
drag
28%
rednecks
28%
wherever
28%
blows
27%
drift
27%
even
27%
full
27%
less
27%
record
27%
silence
27%
towns
27%
apartment
26%
makin'
26%
shut
26%
doubt
25%
high
25%
Ohio
25%
our
25%
sizes
25%
somethin'
25%
Central
24%
liberal
24%
made
24%
mine's
24%
nostalgic
24%
Park
24%
probably
24%
crash
23%
fly
23%
stupid
23%
thing
23%
receipts
22%
shirt
20%
out
18%
calling
17%
gave
17%
word
17%
pronounce
14%
sure
13%
reciepts
12%
song
12%
learn
10%
bird
9%
state
9%
sings
8%
key
7%
closeet
0%
No matching quizzes found
Score Distribution
Percent of People with Each Score
Percentile by Number Answered
Your Score History
You have not taken this quiz